000 03819nam a2200229Ia 4500
003 Ost
005 20260507075753.0
008 260507s9999||||xx |||||||||||||| ||und||
020 _a9789931140351
040 _cfsecg
041 _aara
082 _a657.46
100 _aرواني، بوحفص
_eمؤلف
245 0 _aالمالية الدولية :
_bمدخل نظري /
_c بوحفص رواني
260 _aالجزائر:
_bدار أجيال الرقمي ,
_c2023
300 _a182 صفحة؛
_bإيضاحات ؛
_c24 سم
504 _aمراجع ص.169-176
520 _aتطور النظام المالي الدولي عبر الزمن، بدءًا من نظام الصرف الثابت إلى نظام بريتون وودز ثم إلى النظام الحالي القائم على التعويم الحر أو المُدار.، يشمل النظام المالي الدولي المؤسسات والأسواق المالية العالمية، مثل صندوق النقد الدولي والبنك الدولي وأسواق العملات والسندات العالمية، سجل للمعاملات الاقتصادية بين دولة وبقية دول العالم خلال فترة زمنية محددة، يعد ميزان المدفوعات مصدرا غنيا بالمعلومات المتعلقة بأداء الاقتصادات على المستوى الدولي، ويتيح لصناع القرار إمكانية الوقوف على القدرة التنافسية لاقتصادات ... ، سياسة الصرف الأجنبي هي مجموعة الإجراءات التي تتخذها الدولة للتأثير في سعر صرف عملتها مقابل العملات الأجنبية الأخرى. و تشمل سياسات الصرف الثابت، والصرف المُدار، والتعويم الحر.، وذكر لنا حركة الأموال بين الدول، وتشمل الاستثمارات الأجنبية المباشرة، والاستثمارات في الأسهم والسندات، والقروض والمعونات.، و تؤثر في أسعار الصرف وأسعار الفائدة والنمو الاقتصادي، . دراسة وتحليل الأسواق المالية العالمية، مثل أسواق العملات وأسواق الأسهم والسندات، بهدف فهم المخاطر والفرص الاستثمارية.وبعده ذكر لنا التصنيف الائتماني والتسيير المالي الدولي هو إدارة الشؤون المالية للشركات التي تعمل على مستوى دولي، بما في ذلك إدارة المخاطر المتعلقة بأسعار الصرف وأسعار الفائدة. الصيرفة الدولية: و تقديم الخدمات المصرفية للعملاء الذين يعملون على مستوى دولي، وتشمل فتح الحسابات بالعملات الأجنبية، وتحويل الأموال، وتمويل التجارة الدولية. كذلك الأزمات المالية: تحليل أسباب وتداعيات الأزمات المالية العالمية، مثل الأزمة المالية العالمية 2008. التقلبات في أسعار الصرف: دراسة أسباب ونتائج التقلبات في أسعار الصرف وتأثيرها على الشركات والاقتصاد العالمي. الديون السيادية: تحليل مشكلة الديون السيادية وتأثيرها على الدول والاقتصاد العالمي. التكامل المالي: دراسة تطور التكامل المالي بين الدول وتأثيره على الأسواق المالية.
653 _aالبورصات
653 _aالمحاسبة التحليلية
942 _cكتاب
999 _c46233
_d46233